02236nam a2200385 a 450000100100000000500170001000800410002702000180006804000250008608200200011110000480013124501030017926000720028230000360035449000520039049000260044250000730046850400320054159000260057360000440059961000660064365000610070970000550077083000590082583000330088491000380091795201330095595201330108895201180122195201240133995201330146395201190159695201180171599900170183300004445420201002045403.0140701s2013 dr ac r 000 0 spa d a9789945443981 aDO-SdBNPbspacBNPHU a972.9302bB828u1 aBrea García, Emilio José,d1950-97246713aEl último monumento /cEmilio José Brea García ; prólogo José Tomás Lithgow Contreras. aSanto Domingo :bBanco Central de la República Dominicana,c2013. a189 p. :bil., retrs. ;c28 cm.1 aBanco Central de la República Dominicanav1911 aCiencias socialesv32 aIncluye referencias bibliográficas y notas al pie de las páginas aBibliografía : p. 176-179 aInventariado, 2018/BT14aCOLÓN, CRISTÓBALxMONUMENTOS97246814aFARO A COLÓN (SANTO DOMINGO, REPÚBLICA DOMINICANA)918752 4aMonumentos conmemorativoszRepública Dominicana97246912aLithgow Contreras, José Tomás,epról.972470 0aBanco Central de la República Dominicanan191972471 0aCiencias socialesn32972472 aValidado. Control de calidad. MFF 001054708DSaGRbGRcHDd2014-07-01iLF1l0o972.9302 B828up44454-30r2020-06-25te. 3w2020-06-25yLFDSZPréstamo en sala 001054708DSaGRbGRcHDd2018-06-26iLF1l0o972.9302 B828up44454-40r2020-06-25te. 4w2020-06-25yLFDSZPréstamo en sala 0010718PDaPDbPDcHDd2014-07-01iLF1l0o972.9302 B828up44454-10r2020-06-25w2020-06-25yLFPDZNo se presta 0010718PDaPDbPDcHDd2014-07-01iLF1l0o972.9302 B828up44454-20r2020-06-25te. 2w2020-06-25yLFPDZNo se presta 001054708DSaGRbGRcHDd2014-07-01iLF1l0o972.9302 B828up44455-20r2020-06-25te. 3w2020-06-25yLFDSZPréstamo en sala 00107-18PDaGRbGRcOId2014-07-01iLF1l0o972.9302 B828up44455-30r2020-06-25w2020-06-25yLFPDZNo se presta 0010718PDaPDbPDcHDd2014-07-01iLF1l0o972.9302 B828up44455-10r2020-06-25w2020-06-25yLFPDZNo se presta c43943d43943